WWE wrestlers finishing moves #2 - Statistics

General Stats
  • This quiz has been taken 88 times
  • The average score is 9 of 23
Answer Stats
Wrestlers Answer % Correct
The Miz Skull-Crushing Finale
90%
Natalya Sharpshooter
81%
Alexa Bliss Twisted Bliss
79%
Kofi Kingston Trouble in Paradise
65%
Santino Marella The Cobra
56%
Aj Styles Phenomenal Forearm
54%
Braun Strowman Running Powerslam
54%
Diesel Jacknife Powerbomb
46%
Asuka Asuka Lock
44%
Rusev The Accolade
44%
Shinsuke Nakamura Kinshasa
42%
Samoa Joe Coquina Clutch
40%
Nia Jax Samoan Drop
35%
Carmella Code of Silence
29%
Kairi Sane Insane Elbow
27%
Pete Dunne Bitter End
25%
Tamina Superfly Splash
23%
Johnny Gargano Garga-No Escape
21%
Batista Batista Bite
17%
Dakota Kai Kai-Ropractor
15%
Velveteen Dream Purple Rainmaker
13%
Naomi Split-Legged Moonsault
10%
Io Shirai Asai Moonsault
4%
No matching quizzes found
Score Distribution
Percent of People with Each Score
Percentile by Number Answered
Your Score History
You have not taken this quiz